| 000 | 01311nam a2200325Ia 4500 | ||
|---|---|---|---|
| 000 | nam a22 i 4500 | ||
| 001 | UNACH-9301 | ||
| 007 | ta | ||
| 008 | 221212s ||||fr|||| 00| | spa d | ||
| 020 | _a978-958-410-202-7 | ||
| 041 | 0 | _aspa | |
| 082 | 0 | 4 |
_a515.43 _bCálculo integral |
| 100 | 1 |
_aHoffmann, Laurence D., _eautor |
|
| 245 | 1 | 0 |
_aCálculo : _bpara Administración, Economía y Ciencias Sociales. |
| 250 | _aSexta Edición | ||
| 264 | 3 | 1 |
_a[Bogotá] : _aColombia : _bMc Graw-Hill Interamericana S.A., _c2001 |
| 300 |
_a798 páginas : _bgráficos, tablas |
||
| 336 |
_atexto _btxt _2rdacontent |
||
| 337 |
_ano mediado _bn _2rdamedia |
||
| 338 |
_avolumen _bnc _2rdacarrier |
||
| 504 | _aIncluye: Contenido e Índice de aplicaciones seleccionadas. | ||
| 505 | 0 | _aFunciones, gráficas y límites.-- Derivación: conceptos básicos.-- Aplicaciones adicionales de la derivada.-- Funciones exponenciales y logarítmicas.-- Integración.-- Temas adicionales de integración.-- Funciones de dos variables.-- Series infinitas y aproximación de Taylor.-- Funciones trigonométricas.-- Repaso de álgebra. | |
| 650 | 1 | 4 | _aADMINISTRACIÓN |
| 650 | 2 | 4 | _aCÁLCULO |
| 650 | 2 | 4 | _aCIENCIAS SOCIALES |
| 650 | 2 | 4 | _aECONOMÍA |
| 700 | 1 |
_aBradley, Gerald L., _eautor |
|
| 942 |
_2ddc _c1 _n0 |
||
| 999 |
_c7551 _d7551 |
||